[Event "SERBIA CHESS OPEN 2021 - MASTERS"]
[Site "Belgrade, Hotel Metropol"]
[Date "2021.07.03"]
[Round "3.25"]
[White "Postny, Evgeny"]
[Black "Megalios, Konstantinos"]
[Result "1-0"]
[WhiteElo "2578"]
[BlackElo "2390"]
[PlyCount "65"]
[EventDate "2021.??.??"]

1. d4 Nf6 2. c4 e6 3. Nf3 c5 4. d5 d6 5. Nc3 exd5 6. cxd5 g6 7. Bf4 a6 8. a4
Bg7 9. h3 O-O 10. e3 Ne8 11. Be2 Nd7 12. O-O b6 13. Nd2 Ne5 14. Bg3 f5 15. Re1
g5 16. f4 Ng6 17. Nc4 gxf4 18. exf4 Ra7 19. Kh1 Bh6 20. Rf1 Rg7 21. Bh2 Nf6 22.
Ra3 Ne4 23. Nxe4 fxe4 24. f5 Rxf5 25. Nxd6 Rxf1+ 26. Qxf1 e3 27. Nxc8 Rf7 28.
Qe1 Nf4 29. Rxe3 Qxc8 30. Bg4 Qb7 31. Re8+ Bf8 32. Bxf4 Rxf4 33. Be6+ 1-0

[Event "SERBIA CHESS OPEN 2021 - MASTERS"]
[Site "Belgrade, Hotel Metropol"]
[Date "2021.07.03"]
[Round "3.26"]
[White "Tadic, Stefan"]
[Black "Fier, Alexandr"]
[Result "0-1"]
[WhiteElo "2390"]
[BlackElo "2569"]
[PlyCount "90"]
[EventDate "2021.??.??"]

1. e4 c5 2. Nf3 d6 3. d4 cxd4 4. Qxd4 Nf6 5. h3 Nc6 6. Qe3 e6 7. Be2 Be7 8. O-O
O-O 9. c4 b6 10. Nc3 Bb7 11. b3 a6 12. Rd1 Qc7 13. Bb2 Nd7 14. Rac1 Nce5 15.
Nd4 Ng6 16. g3 Rfe8 17. Bf1 Rac8 18. Bg2 Qb8 19. Qd2 h5 20. f4 h4 21. f5 exf5
22. Nxf5 hxg3 23. Nxd6 Bxd6 24. Qxd6 Nc5 25. Qxb8 Rxb8 26. Ne2 Nxe4 27. Bxe4
Rxe4 28. Nxg3 Re3 29. Rc3 Rbe8 30. Rxe3 Rxe3 31. Rd8+ Kh7 32. Nf1 Rf3 33. Rd7
Bc8 34. Rd6 Nf4 35. Rxb6 Nxh3+ 36. Kg2 Rf2+ 37. Kg3 Rxf1 38. Rc6 Bb7 39. Rb6
Rf3+ 40. Kh2 Bc8 41. Bd4 Nf4 42. Rc6 Bf5 43. Be5 Rh3+ 44. Kg1 Nd3 45. Bh2 Be4
0-1

[Event "SERBIA CHESS OPEN 2021 - MASTERS"]
[Site "Belgrade, Hotel Metropol"]
[Date "2021.07.03"]
[Round "3.27"]
[White "Kadric, Denis"]
[Black "Arsovic, Goran"]
[Result "1-0"]
[WhiteElo "2564"]
[BlackElo "2381"]
[PlyCount "70"]
[EventDate "2021.??.??"]

1. e4 c5 2. Nc3 d6 3. f4 g6 4. d4 cxd4 5. Qxd4 Nf6 6. e5 Nc6 7. Bb5 Nd7 8. Bxc6
bxc6 9. exd6 Nf6 10. Be3 exd6 11. O-O-O Be7 12. Ne4 d5 13. Qe5 Be6 14. Bc5 Bxc5
15. Nxc5 Qe7 16. Nf3 O-O 17. Rde1 Qxc5 18. Qxf6 Bf5 19. Nd4 Be4 20. Re3 Rab8
21. Rd1 Rb6 22. Ra3 a6 23. Rc3 Qb4 24. Rb3 Qc5 25. Rxb6 Qxb6 26. Qxc6 Qxc6 27.
Nxc6 Bxg2 28. Rd2 Bf3 29. Rd3 Be4 30. Ra3 Re8 31. Rxa6 Bg2 32. Ne5 g5 33. Ng4
Kg7 34. fxg5 Re2 35. Rf6 Bh3 1-0

[Event "SERBIA CHESS OPEN 2021 - MASTERS"]
[Site "Belgrade, Hotel Metropol"]
[Date "2021.07.03"]
[Round "3.28"]
[White "Milosevic, Milos"]
[Black "Suleymanli, Aydin"]
[Result "1/2-1/2"]
[WhiteElo "2396"]
[BlackElo "2563"]
[PlyCount "87"]
[EventDate "2021.??.??"]

1. e4 c6 2. d4 d5 3. exd5 cxd5 4. c4 Nf6 5. Nc3 Nc6 6. Nf3 Bg4 7. cxd5 Nxd5 8.
Qb3 Bxf3 9. gxf3 e6 10. Qxb7 Nxd4 11. Bb5+ Nxb5 12. Qxb5+ Qd7 13. Qxd7+ Kxd7
14. Nxd5 exd5 15. Be3 Bb4+ 16. Ke2 Rac8 17. Rac1 a5 18. Kd3 Rhe8 19. Bd4 g6 20.
h3 h5 21. Rhd1 Bd6 22. Rc3 Rxc3+ 23. Bxc3 Bb4 24. Bd4 Rc8 25. Rg1 Ke6 26. a3
Bd6 27. Bc3 a4 28. Re1+ Kf5 29. Kd4 Bc5+ 30. Kxd5 Bxf2 31. Re4 Rd8+ 32. Kc4 Rd1
33. Re7 f6 34. Rf7 Bh4 35. Ra7 Kf4 36. Rxa4 f5 37. Ra6 g5 38. Ra5 g4 39. fxg4
hxg4 40. hxg4 fxg4 41. b4 g3 42. Be5+ Ke4 43. Bxg3 Bxg3 44. Rc5 1/2-1/2

[Event "SERBIA CHESS OPEN 2021 - MASTERS"]
[Site "Belgrade, Hotel Metropol"]
[Date "2021.07.03"]
[Round "3.29"]
[White "Zanan, Evgeny"]
[Black "Risteski, Emil"]
[Result "1-0"]
[WhiteElo "2535"]
[BlackElo "2367"]
[PlyCount "81"]
[EventDate "2021.??.??"]

1. d4 Nf6 2. c4 g6 3. Nc3 Bg7 4. e4 d6 5. Be2 O-O 6. Be3 e5 7. d5 Na6 8. h4 Nc5
9. Qc2 c6 10. h5 cxd5 11. cxd5 Qa5 12. h6 Bh8 13. f3 Nh5 14. Rb1 Ng3 15. b4 Qd8
16. Rh2 Nxe2 17. Ngxe2 Na6 18. g4 Bf6 19. Qd2 Bd7 20. a4 Be7 21. Rg2 Kh8 22.
Rg1 Rc8 23. Bxa7 f5 24. gxf5 gxf5 25. a5 fxe4 26. fxe4 Rf3 27. b5 Nc5 28. Bxc5
Rxc5 29. a6 bxa6 30. b6 Bb5 31. b7 Bh4+ 32. Kd1 Qb8 33. Nxb5 axb5 34. Rc1 Qxb7
35. Rxc5 dxc5 36. Qa5 Rf7 37. Nc3 b4 38. Nb5 Be7 39. Nd6 Bxd6 40. Qd8+ Bf8 41.
Qg5 1-0

[Event "SERBIA CHESS OPEN 2021 - MASTERS"]
[Site "Belgrade, Hotel Metropol"]
[Date "2021.07.03"]
[Round "3.30"]
[White "Nandhidhaa, P V."]
[Black "Iskandarov, Misratdin"]
[Result "0-1"]
[WhiteElo "2365"]
[BlackElo "2533"]
[PlyCount "98"]
[EventDate "2021.??.??"]

1. e4 e5 2. Nf3 Nc6 3. Nc3 Nf6 4. Bb5 Bb4 5. O-O O-O 6. Bxc6 dxc6 7. d3 Nd7 8.
Bg5 f6 9. Be3 Re8 10. Nh4 Nf8 11. Qf3 Ne6 12. Ne2 Bf8 13. Rad1 c5 14. c3 Qe7
15. Qg3 Qf7 16. f4 exf4 17. Nxf4 Nxf4 18. Bxf4 c4 19. e5 f5 20. d4 c6 21. Rf2
Qh5 22. Rdf1 Be7 23. Nf3 h6 24. Bc1 Be6 25. Qf4 Rf8 26. Qe3 Rf7 27. Qe2 b5 28.
Qc2 Raf8 29. b3 f4 30. bxc4 bxc4 31. Qa4 Bd5 32. Ba3 Bxa3 33. Qxa3 Qf5 34. Qb4
g5 35. h3 g4 36. hxg4 Qxg4 37. e6 Qxe6 38. Re1 Qf6 39. Nd2 Rg7 40. Nxc4 Bxg2
41. Rxg2 f3 42. Rxg7+ Qxg7+ 43. Kf2 Qg2+ 44. Ke3 f2 45. Rb1 Rf3+ 46. Ke4 Qg4+
47. Ke5 Qf5+ 48. Kd6 Qd5+ 49. Kc7 Rf7+ 0-1

[Event "SERBIA CHESS OPEN 2021 - MASTERS"]
[Site "Belgrade, Hotel Metropol"]
[Date "2021.07.03"]
[Round "3.31"]
[White "Annaberdiev, Meilis"]
[Black "Kamer, Kayra"]
[Result "1/2-1/2"]
[WhiteElo "2532"]
[BlackElo "2355"]
[PlyCount "28"]
[EventDate "2021.??.??"]

1. Nf3 Nf6 2. c4 g6 3. Nc3 Bg7 4. g3 O-O 5. Bg2 c6 6. O-O d6 7. Rb1 a5 8. d3
Re8 9. a3 e5 10. Bg5 h6 11. Bxf6 Qxf6 12. b4 axb4 13. axb4 Nd7 14. Re1 Qe7
1/2-1/2

[Event "SERBIA CHESS OPEN 2021 - MASTERS"]
[Site "Belgrade, Hotel Metropol"]
[Date "2021.07.03"]
[Round "3.32"]
[White "Leniart, Arkadiusz"]
[Black "Krstulovic, Alex"]
[Result "1-0"]
[WhiteElo "2499"]
[BlackElo "2353"]
[PlyCount "83"]
[EventDate "2021.??.??"]

1. d4 d5 2. c4 c6 3. Nf3 Nf6 4. Nc3 dxc4 5. a4 Bf5 6. Ne5 Nbd7 7. Nxc4 Qc7 8.
Qd2 Be6 9. e4 Bxc4 10. Bxc4 e5 11. dxe5 Nxe5 12. Be2 Bb4 13. Qc2 O-O 14. O-O
Rad8 15. g3 Rfe8 16. Bg5 Qe7 17. Na2 Ng6 18. Nxb4 Qxb4 19. f3 Qd4+ 20. Kh1 Qe5
21. Be3 h5 22. Rad1 h4 23. Rxd8 Rxd8 24. Qc3 Qe6 25. Kg2 a6 26. Bc4 h3+ 27. Kf2
Nxe4+ 28. fxe4 Qxe4 29. Ke2 Ne5 30. Rf4 Qg2+ 31. Rf2 Qe4 32. Rf4 Qg2+ 33. Bf2
Nxc4 34. Qxc4 Re8+ 35. Kd2 Re6 36. Qd4 Qxh2 37. Qd8+ Kh7 38. Qd3+ Kg8 39. Qd8+
Kh7 40. Qd3+ Kg8 41. Kc3 Qg2 42. Qf5 1-0

[Event "SERBIA CHESS OPEN 2021 - MASTERS"]
[Site "Belgrade, Hotel Metropol"]
[Date "2021.07.03"]
[Round "3.33"]
[White "Vardaan, Nagpal"]
[Black "Csonka, Balazs"]
[Result "1/2-1/2"]
[WhiteElo "2366"]
[BlackElo "2498"]
[PlyCount "53"]
[EventDate "2021.??.??"]

1. d4 Nf6 2. c4 e6 3. Nf3 d5 4. Nc3 dxc4 5. e4 Bb4 6. Bxc4 Nxe4 7. O-O Nf6 8.
Qa4+ Nc6 9. Ne5 Rb8 10. d5 exd5 11. Nxd5 Nxd5 12. Nxc6 bxc6 13. Qxc6+ Qd7 14.
Qxd5 O-O 15. Qxd7 Bxd7 16. Be3 a5 17. Rfd1 Bd6 18. b3 a4 19. Rac1 axb3 20. Bxb3
Be6 21. Bxe6 fxe6 22. Rc4 Rf5 23. a4 Kf7 24. g3 Ke7 25. Ra1 Ra8 26. Ra2 Kd7 27.
Kg2 1/2-1/2

[Event "SERBIA CHESS OPEN 2021 - MASTERS"]
[Site "Belgrade, Hotel Metropol"]
[Date "2021.07.03"]
[Round "3.34"]
[White "Kourkoulos-Arditis, Stamatis"]
[Black "Zhukova, Natalia"]
[Result "1-0"]
[WhiteElo "2485"]
[BlackElo "2336"]
[PlyCount "63"]
[EventDate "2021.??.??"]

1. e4 e5 2. Nf3 Nc6 3. Bb5 a6 4. Ba4 Nf6 5. O-O b5 6. Bb3 Bc5 7. a4 Rb8 8. c3
d6 9. d4 Bb6 10. axb5 axb5 11. Na3 O-O 12. Nxb5 Bg4 13. Bc2 Bxf3 14. gxf3 Nh5
15. f4 Nxf4 16. Bxf4 exf4 17. Qg4 Qf6 18. Ra6 g6 19. Bd3 Nd8 20. Na3 Ne6 21.
Nc4 Bxd4 22. cxd4 Qxd4 23. Rd1 Nc5 24. Bf1 Qxe4 25. Raa1 h5 26. Qg5 Nb3 27. Re1
Qc6 28. Rad1 Rb4 29. Qxf4 Qc5 30. Re7 d5 31. Rxc7 Qb5 32. Rxf7 1-0

[Event "SERBIA CHESS OPEN 2021 - MASTERS"]
[Site "Belgrade, Hotel Metropol"]
[Date "2021.07.03"]
[Round "3.35"]
[White "Makhnev, Denis"]
[Black "O`donnell, Conor"]
[Result "1/2-1/2"]
[WhiteElo "2480"]
[BlackElo "2331"]
[PlyCount "142"]
[EventDate "2021.??.??"]

1. d4 d5 2. Nf3 Nf6 3. c4 dxc4 4. e3 a6 5. Bxc4 e6 6. O-O c5 7. dxc5 Bxc5 8.
Qxd8+ Kxd8 9. Nfd2 Ke7 10. Nb3 Bd6 11. f3 b5 12. Be2 Bd7 13. e4 Rc8 14. Bd2 Nc6
15. a3 e5 16. Be3 Be6 17. N1d2 Nd7 18. Rfc1 Rab8 19. Rc3 b4 20. axb4 Bxb4 21.
Rcc1 a5 22. Ba6 Rc7 23. Nxa5 Bxa5 24. Rxa5 Nxa5 25. Rxc7 Rxb2 26. g4 Nb3 27.
Nxb3 Rxb3 28. Kf2 Rb2+ 29. Kg3 Kd6 30. Rc1 Rb3 31. Rd1+ Kc6 32. Re1 Nc5 33. Bf1
f6 34. h4 Nd3 35. Ra1 Bc4 36. Ra4 Kb5 37. Ra7 Ne1 38. Rb7+ Ka4 39. Rxb3 Kxb3
40. Bh3 Nd3 41. h5 Kb4 42. h6 g5 43. Bb6 Nc5 44. Bd8 Nd7 45. Kf2 Kc5 46. Be7+
Kd4 47. Bg2 Bb5 48. Ba3 Bd3 49. Ke1 Kc3 50. Kd1 Nb8 51. Be7 Nd7 52. Bd8 Bb5 53.
Ba5+ Kd4 54. Bb4 Ke3 55. Ke1 Bc4 56. Ba3 Bb5 57. Bc1+ Kd4 58. Kd2 Kc5 59. Ba3+
Kd4 60. Ke1 Ke3 61. Bc1+ Kd4 62. Kf2 Kc5 63. Ba3+ Kd4 64. Ke1 Ke3 65. Bc1+ Kd4
66. Bf1 Bxf1 67. Kxf1 Kd3 68. Kf2 Kc2 69. Ba3 Kd3 70. Bb4 Kc4 71. Ba5 Kd3
1/2-1/2

[Event "SERBIA CHESS OPEN 2021 - MASTERS"]
[Site "Belgrade, Hotel Metropol"]
[Date "2021.07.03"]
[Round "3.36"]
[White "Kowalski, Igor"]
[Black "Cabarkapa, Novak"]
[Result "1/2-1/2"]
[WhiteElo "2349"]
[BlackElo "2478"]
[PlyCount "43"]
[EventDate "2021.??.??"]

1. e4 e6 2. d4 d5 3. Nd2 h6 4. c3 c5 5. dxc5 Bxc5 6. exd5 exd5 7. Nb3 Bb6 8.
Nf3 Nf6 9. Bb5+ Nc6 10. Qe2+ Ne4 11. Be3 O-O 12. O-O-O Re8 13. Nfd4 Bd7 14. Nc2
Qf6 15. Rxd5 Be6 16. Rdd1 Bxb3 17. axb3 Nxf2 18. Rhf1 Rxe3 19. Qxf2 Qxf2 20.
Rxf2 Re5 21. Bxc6 bxc6 22. Rfd2 1/2-1/2

[Event "SERBIA CHESS OPEN 2021 - MASTERS"]
[Site "Belgrade, Hotel Metropol"]
[Date "2021.07.03"]
[Round "3.37"]
[White "Stankovic, Milos M"]
[Black "Nikitenko, Mihail"]
[Result "0-1"]
[WhiteElo "2327"]
[BlackElo "2472"]
[PlyCount "136"]
[EventDate "2021.??.??"]

1. d4 e6 2. c4 Nf6 3. Nc3 d5 4. Nf3 c6 5. g3 Nbd7 6. Bg2 Be7 7. O-O O-O 8. Qc2
b6 9. Rd1 Bb7 10. e4 dxc4 11. e5 Nd5 12. Ne4 c5 13. dxc5 Nb4 14. Qxc4 Nxe5 15.
Qe2 Nxf3+ 16. Bxf3 Nd5 17. Be3 Qb8 18. cxb6 axb6 19. Bg5 f6 20. Bd2 Qe5 21. Bc3
Nxc3 22. Nxc3 Qxe2 23. Bxe2 Kf7 24. Bc4 Rac8 25. Bb3 Rfd8 26. Rxd8 Rxd8 27. Re1
Bc8 28. Re2 Bc5 29. Na4 Bd4 30. Rc2 Bd7 31. Rc7 Ke8 32. Nc3 Ra8 33. Rc4 e5 34.
Nd5 Rc8 35. Nc3 Ke7 36. Kf1 Bc5 37. Ke1 b5 38. Rh4 h6 39. Re4 Bd4 40. f4 b4 41.
Nd5+ Kd6 42. fxe5+ fxe5 43. Nxb4 Rc1+ 44. Kd2 Rh1 45. Rh4 Bxb2 46. Nd3 Bd4 47.
Ne1 Rf1 48. Nc2 Bc5 49. Re4 Rh1 50. Rh4 Bg1 51. Ne3 Rxh2+ 52. Rxh2 Bxh2 53.
Nc4+ Ke7 54. Nxe5 Be8 55. Ng4 Bxg3 56. a4 h5 57. Ne3 Bd7 58. a5 Bb8 59. Bd5 g5
60. Ke2 Kf6 61. Bb7 Ke5 62. Kf3 g4+ 63. Kg2 h4 64. Nxg4+ Bxg4 65. a6 Kf4 66.
Kh1 Kg3 67. Bc6 Ba7 68. Bg2 Be2 0-1

[Event "SERBIA CHESS OPEN 2021 - MASTERS"]
[Site "Belgrade, Hotel Metropol"]
[Date "2021.07.03"]
[Round "3.38"]
[White "Muradli, Mahammad"]
[Black "Radovanovic, Jovica"]
[Result "1-0"]
[WhiteElo "2461"]
[BlackElo "2326"]
[PlyCount "103"]
[EventDate "2021.??.??"]

1. d4 Nf6 2. c4 g6 3. Nc3 Bg7 4. e4 d6 5. Be2 O-O 6. Be3 c5 7. d5 b5 8. cxb5 a6
9. a4 Qa5 10. Bd2 Nbd7 11. Ra3 Qc7 12. Nf3 Qb8 13. O-O Re8 14. Re1 Bb7 15. h3
Nf8 16. Bf4 N6d7 17. Qd2 Qc7 18. Rea1 Qa5 19. Qd1 axb5 20. axb5 Qc7 21. Nd2
Rxa3 22. Rxa3 Ra8 23. Rxa8 Bxa8 24. Qa1 Nb6 25. Nc4 Nfd7 26. Qa5 Qb8 27. Na4
Nxa4 28. Qxa4 f5 29. b6 Qc8 30. Qa7 Qb7 31. Bd1 fxe4 32. Ba4 Nxb6 33. Qxb6 Qxb6
34. Nxb6 Bb7 35. b3 Bc3 36. Bd7 Kg7 37. Bc8 Bxc8 38. Nxc8 Kf6 39. Kf1 Ba5 40.
Ke2 g5 41. Bxd6 exd6 42. Nxd6 Bb4 43. Nxe4+ Ke5 44. Nxg5 Kxd5 45. Kd3 h6 46.
Ne4 Ke5 47. g3 h5 48. f4+ Kf5 49. Ke3 Ba3 50. Nd6+ Ke6 51. Nc4 Bb4 52. Ke4 1-0

[Event "SERBIA CHESS OPEN 2021 - MASTERS"]
[Site "Belgrade, Hotel Metropol"]
[Date "2021.07.03"]
[Round "3.39"]
[White "Martin Duque, Jesus"]
[Black "Tisaj, Domen"]
[Result "1/2-1/2"]
[WhiteElo "2444"]
[BlackElo "2293"]
[PlyCount "57"]
[EventDate "2021.??.??"]

1. Nf3 Nf6 2. b3 d5 3. Bb2 e6 4. g3 c5 5. Bg2 Nc6 6. O-O Be7 7. e3 O-O 8. Qe2
Qc7 9. d4 b6 10. c4 cxd4 11. Nxd4 Nxd4 12. Bxd4 Bb7 13. Nd2 dxc4 14. Nxc4 Bxg2
15. Kxg2 Qb7+ 16. Qf3 Qxf3+ 17. Kxf3 Rac8 18. a4 Nd7 19. Rfd1 Rfd8 20. Rac1 f6
21. Bb2 Nc5 22. Rxd8+ Rxd8 23. Ba3 Kf7 24. Bxc5 Bxc5 25. Ke2 Rd7 26. Rc2 Ke7
27. Na5 Kd6 28. Nc4+ Ke7 29. Na5 1/2-1/2

[Event "SERBIA CHESS OPEN 2021 - MASTERS"]
[Site "Belgrade, Hotel Metropol"]
[Date "2021.07.03"]
[Round "3.40"]
[White "Volkov, Dmitriy"]
[Black "Schreiner, Peter"]
[Result "0-1"]
[WhiteElo "2343"]
[BlackElo "2441"]
[PlyCount "82"]
[EventDate "2021.??.??"]

1. e4 e5 2. Nf3 Nc6 3. d4 exd4 4. Nxd4 Bc5 5. Nxc6 Qf6 6. Qf3 dxc6 7. Nc3 Be6
8. Qg3 O-O-O 9. Be3 Bxe3 10. Qxe3 Kb8 11. Bd3 g5 12. O-O-O Ne7 13. e5 Qg7 14.
h4 gxh4 15. Rxh4 Rxd3 16. Rxd3 Nf5 17. Qf4 Nxh4 18. Qxh4 Qxg2 19. Ne4 b6 20.
Nf6 Kb7 21. b3 a5 22. Kb2 h5 23. a4 c5 24. f3 Qe2 25. Ne4 Rb8 26. Qf6 Rc8 27.
Ng5 c4 28. bxc4 Bxc4 29. Rc3 h4 30. f4 Bd5 31. Nxf7 Qe4 32. Rd3 Rf8 33. Qxh4
Bxf7 34. Qf6 Qb4+ 35. Kc1 Qe1+ 36. Kb2 Qb4+ 37. Kc1 Re8 38. Qg5 Rg8 39. Qh4
Rg1+ 40. Rd1 Qa3+ 41. Kd2 Rg2+ 0-1

[Event "SERBIA CHESS OPEN 2021 - MASTERS"]
[Site "Belgrade, Hotel Metropol"]
[Date "2021.07.03"]
[Round "3.41"]
[White "Ohanyan, Emin"]
[Black "Aditya, Mittal"]
[Result "1-0"]
[WhiteElo "2324"]
[BlackElo "2438"]
[PlyCount "65"]
[EventDate "2021.??.??"]

1. e4 c5 2. Nf3 d6 3. d4 cxd4 4. Nxd4 Nf6 5. Nc3 a6 6. h3 e6 7. g4 Nfd7 8. Bg2
Be7 9. Be3 Nc6 10. Qe2 Nde5 11. O-O-O Ng6 12. f4 Nxd4 13. Rxd4 Nh4 14. Rhd1
Nxg2 15. Qxg2 Qc7 16. f5 O-O 17. g5 Re8 18. f6 Bf8 19. fxg7 Bxg7 20. Rxd6 Bxc3
21. Bb6 Qc4 22. bxc3 Qxc3 23. Bd4 Qa3+ 24. Bb2 Qe3+ 25. Kb1 b5 26. R6d3 Qb6 27.
Qg3 e5 28. Rd6 Qc5 29. g6 Be6 30. gxh7+ Kxh7 31. Rg1 Bxa2+ 32. Kxa2 Qc4+ 33.
Kb1 1-0

[Event "SERBIA CHESS OPEN 2021 - MASTERS"]
[Site "Belgrade, Hotel Metropol"]
[Date "2021.07.03"]
[Round "3.42"]
[White "Hasanzade, Toghrul"]
[Black "Zarubitski, Viachaslau"]
[Result "0-1"]
[WhiteElo "2323"]
[BlackElo "2426"]
[PlyCount "100"]
[EventDate "2021.??.??"]

1. d4 Nf6 2. c4 c6 3. Nc3 d5 4. cxd5 cxd5 5. Bf4 Nc6 6. e3 e6 7. Bd3 Be7 8. Rc1
O-O 9. h3 Bd7 10. Nf3 Qb6 11. O-O Qxb2 12. Nb5 Nb4 13. Rb1 Qxa2 14. Ra1 Bxb5
15. Rxa2 Bxd3 16. Rb2 Bxf1 17. Qxf1 a6 18. Bg5 a5 19. Qb5 a4 20. Bxf6 gxf6 21.
Rxb4 Bxb4 22. Qxb4 a3 23. Nd2 a2 24. Nb3 Rfc8 25. Kh2 Kg7 26. Na1 Rc1 27. Qxb7
Ra4 28. Qb3 Ra8 29. Qb7 Ra4 30. Qb3 Rcc4 31. Kg3 Rcb4 32. Qc2 Ra8 33. Kf3 Rb1
34. Qc6 Rab8 35. Qc3 h6 36. h4 R8b7 37. h5 Rh1 38. Ke2 Rbb1 39. Kf3 Rxa1 40.
Qb2 Raf1 41. Qxa2 Rxh5 42. Ke2 Rg1 43. g3 Rg2 44. Qa3 Rf5 45. Qd6 Rfxf2+ 46.
Kd3 Rf3 47. g4 Rgg3 48. Kc3 Rxe3+ 49. Kb4 Rb3+ 50. Ka4 Ra3+ 0-1

[Event "SERBIA CHESS OPEN 2021 - MASTERS"]
[Site "Belgrade, Hotel Metropol"]
[Date "2021.07.03"]
[Round "3.43"]
[White "Stoinev, Metodi"]
[Black "Stankovic, Milos"]
[Result "1-0"]
[WhiteElo "2212"]
[BlackElo "2421"]
[PlyCount "129"]
[EventDate "2021.??.??"]

1. e4 e6 2. d4 d5 3. Nd2 c5 4. exd5 Qxd5 5. dxc5 Nf6 6. Ngf3 Qxc5 7. Bd3 Be7 8.
Qe2 Nbd7 9. O-O O-O 10. Re1 Qc7 11. c4 Nc5 12. Bc2 b6 13. Nb3 Bb7 14. Nxc5 Bxc5
15. h3 Rac8 16. Bg5 Qg3 17. Bh4 Qf4 18. Bg5 Bxf3 19. Bxf4 Bxe2 20. Rxe2 Bd4 21.
Bb3 Nh5 22. Bh2 g5 23. Rd1 Bf6 24. Rd7 a5 25. Bc7 Bd8 26. Bd6 Re8 27. Rb7 Bf6
28. Rxb6 Red8 29. c5 Nf4 30. Bxf4 gxf4 31. Rb5 Bd4 32. Rc2 Be5 33. Kf1 Rd1+ 34.
Ke2 Rb1 35. c6 Bc7 36. Rb7 Kg7 37. Bc4 Kf6 38. Ba6 Be5 39. c7 Rxc7 40. Rbxc7
Bxc7 41. Rxc7 Rxb2+ 42. Kf3 Rxa2 43. Rc4 Ke5 44. Re4+ Kd6 45. Rxf4 f5 46. Bb5
Ra3+ 47. Ke2 Ra2+ 48. Ke3 Ra3+ 49. Bd3 Ke5 50. g3 a4 51. Rd4 Ra1 52. f4+ Kf6
53. Bc4 Rc1 54. Ba2 Rc3+ 55. Rd3 Rc2 56. Ra3 e5 57. fxe5+ Kxe5 58. h4 Rg2 59.
Kf3 Rg1 60. Rxa4 Rf1+ 61. Kg2 Ra1 62. Bb3 Rxa4 63. Bxa4 f4 64. g4 h5 65. g5 1-0

[Event "SERBIA CHESS OPEN 2021 - MASTERS"]
[Site "Belgrade, Hotel Metropol"]
[Date "2021.07.03"]
[Round "3.44"]
[White "Mitev, Valentin"]
[Black "Abergel, Thal"]
[Result "0-1"]
[WhiteElo "2181"]
[BlackElo "2414"]
[PlyCount "66"]
[EventDate "2021.??.??"]

1. d4 e6 2. Nf3 Nf6 3. e3 b6 4. Bd3 Bb7 5. O-O d5 6. c4 g6 7. Qe2 Bg7 8. Nc3
O-O 9. e4 dxe4 10. Nxe4 Nc6 11. Be3 Nb4 12. Nxf6+ Qxf6 13. Bb1 Bxf3 14. gxf3
Rad8 15. Be4 Qh4 16. a3 Na6 17. Rad1 c5 18. Bb7 cxd4 19. Bxa6 dxe3 20. fxe3 Bh6
21. f4 e5 22. Rxd8 Rxd8 23. Bb7 exf4 24. exf4 Bxf4 25. Bd5 Kg7 26. Rf2 Rd6 27.
Qf3 Rf6 28. Qc3 Be5 29. Rxf6 Qxh2+ 30. Kf1 Bxf6 31. Qe3 Bxb2 32. Qe7 Qf4+ 33.
Kg2 a5 0-1

[Event "SERBIA CHESS OPEN 2021 - MASTERS"]
[Site "Belgrade, Hotel Metropol"]
[Date "2021.07.03"]
[Round "3.45"]
[White "Asatryan, Sona"]
[Black "Lazov, Toni"]
[Result "0-1"]
[WhiteElo "2122"]
[BlackElo "2412"]
[PlyCount "54"]
[EventDate "2021.??.??"]

1. e4 d6 2. d4 Nf6 3. Nc3 e5 4. dxe5 dxe5 5. Qxd8+ Kxd8 6. Bg5 c6 7. O-O-O+
Nbd7 8. Bc4 Ke8 9. a4 Ng4 10. Nh3 Bc5 11. Bh4 f6 12. Be6 Nb6 13. Bxg4 Bxg4 14.
f3 Bxh3 15. gxh3 Bd4 16. a5 Nc4 17. a6 Bxc3 18. bxc3 bxa6 19. Rhg1 g5 20. Bf2
h6 21. Kb1 Rb8+ 22. Ka1 Rb5 23. Ka2 Ke7 24. Rb1 Ra5+ 25. Kb3 Nd2+ 26. Kb2 Rb8+
27. Kc1 Nxb1 0-1

[Event "SERBIA CHESS OPEN 2021 - MASTERS"]
[Site "Belgrade, Hotel Metropol"]
[Date "2021.07.03"]
[Round "3.46"]
[White "Balabayeva, Xeniya"]
[Black "Babazada, Khazar"]
[Result "1/2-1/2"]
[WhiteElo "2116"]
[BlackElo "2409"]
[PlyCount "106"]
[EventDate "2021.??.??"]

1. e4 g6 2. d4 Bg7 3. Nc3 a6 4. a4 d6 5. g3 Nf6 6. Bg2 O-O 7. Nge2 Nc6 8. h3
Bd7 9. O-O Qc8 10. Kh2 e5 11. Be3 exd4 12. Nxd4 Re8 13. Re1 Ne5 14. Qe2 c5 15.
Nb3 Qc7 16. Rad1 Bc6 17. Nd2 Rad8 18. Nc4 Nxc4 19. Qxc4 Qb6 20. Bg5 h6 21. Bxf6
Bxf6 22. b3 Bg7 23. Nd5 Qa5 24. Qd3 Kh8 25. h4 h5 26. Re2 b5 27. axb5 axb5 28.
Qf3 Qa7 29. Bh3 c4 30. bxc4 bxc4 31. c3 Qb7 32. Rdd2 Ba4 33. Nf6 Re5 34. Qf4
Qe7 35. Nd5 Qf8 36. Ra2 Bc6 37. Nb4 Bb7 38. Ra7 Re7 39. Qd2 Ra8 40. Rxa8 Qxa8
41. Qxd6 Rxe4 42. Ra2 Qe8 43. Ra7 Re2 44. Qf4 Be5 45. Qh6+ Kg8 46. Rxb7 Rxf2+
47. Bg2 Rxg2+ 48. Kxg2 Qa8 49. Qe3 Qxb7+ 50. Kh2 Bf6 51. Kg1 Kg7 52. Kh2 Qd7
53. Kg2 Qf5 1/2-1/2

[Event "SERBIA CHESS OPEN 2021 - MASTERS"]
[Site "Belgrade, Hotel Metropol"]
[Date "2021.07.03"]
[Round "3.47"]
[White "Hovhannisyan, Robert"]
[Black "Papidakis, Georgios"]
[Result "1-0"]
[WhiteElo "2632"]
[BlackElo "2135"]
[PlyCount "87"]
[EventDate "2021.??.??"]

1. e4 e5 2. Nf3 Nc6 3. Bb5 g6 4. c3 a6 5. Bc4 Bg7 6. d4 exd4 7. cxd4 b5 8. Bd5
Nge7 9. Nc3 Nxd5 10. Nxd5 h6 11. O-O Ne7 12. Bf4 Nxd5 13. exd5 O-O 14. Qc1 Bb7
15. Bxc7 Qf6 16. Qc5 Rfc8 17. Rac1 Bf8 18. d6 Bxf3 19. gxf3 Rxc7 20. Qxc7 Rd8
21. Qb7 Bxd6 22. Rfe1 Qh4 23. Rc8 Qxh2+ 24. Kf1 Qh3+ 25. Ke2 Rxc8 26. Qxc8+ Kh7
27. Qe8 Qf5 28. Rc1 h5 29. Rc8 Kh6 30. Qe3+ Kh7 31. Qe4 Qf6 32. Qe8 h4 33. Qg8+
Kh6 34. Qh8+ Qxh8 35. Rxh8+ Kg5 36. Rd8 h3 37. Kf1 f5 38. Rxd7 Bb8 39. d5 Kf4
40. Rd8 Be5 41. Re8 Bd4 42. Kg1 Kxf3 43. Re3+ Kf4 44. d6 1-0

[Event "SERBIA CHESS OPEN 2021 - MASTERS"]
[Site "Belgrade, Hotel Metropol"]
[Date "2021.07.03"]
[Round "3.48"]
[White "Carnic, Srdjan"]
[Black "Markus, Robert"]
[Result "0-1"]
[WhiteElo "2291"]
[BlackElo "2600"]
[PlyCount "74"]
[EventDate "2021.??.??"]

1. Nf3 Nf6 2. c4 d6 3. d4 Nbd7 4. Nc3 e5 5. Bg5 exd4 6. Nxd4 h6 7. Bh4 g6 8.
Qc2 Bg7 9. Rd1 O-O 10. e3 Re8 11. Be2 a5 12. O-O Nc5 13. h3 c6 14. Bf3 Qb6 15.
Bg3 Bf8 16. Rd2 Nfd7 17. Rb1 Ne5 18. Be2 a4 19. f4 Ned7 20. Bf2 Nf6 21. Bf3 Bg7
22. e4 Qb4 23. a3 Qa5 24. Rbd1 Nfd7 25. Re2 Nb6 26. Na2 Ne6 27. b4 axb3 28.
Nxb3 Qa6 29. c5 Nxc5 30. Nxc5 dxc5 31. Bxc5 Nc4 32. Rd3 Be6 33. g4 b6 34. Bf2
Nxa3 35. Qd1 Bc4 36. Rd7 Bxe2 37. Bxe2 Qa4 0-1

[Event "SERBIA CHESS OPEN 2021 - MASTERS"]
[Site "Belgrade, Hotel Metropol"]
[Date "2021.07.03"]
[Round "3.49"]
[White "Dragnev, Valentin"]
[Black "Vetokhin, Savva"]
[Result "1-0"]
[WhiteElo "2569"]
[BlackElo "2324"]
[PlyCount "59"]
[EventDate "2021.??.??"]

1. e4 e5 2. Nf3 Nf6 3. d4 Nxe4 4. Bd3 d5 5. Nxe5 Nd7 6. Nc3 Nxe5 7. dxe5 Nxc3
8. bxc3 Bc5 9. O-O Be6 10. Rb1 Rb8 11. Qh5 g6 12. Qh6 Bf8 13. Qe3 Bg7 14. Ba3
Qc8 15. f4 Bf8 16. Bxf8 Kxf8 17. f5 gxf5 18. Qh6+ Ke8 19. Qg7 Rf8 20. Qxh7 Kd7
21. Bxf5 Qe8 22. c4 dxc4 23. Rbd1+ Kc6 24. Bxe6 fxe6 25. Rxf8 Qxf8 26. Qd7+ Kc5
27. Qxc7+ Kb4 28. c3+ Kb5 29. a4+ Kxa4 30. Qxc4+ 1-0

[Event "SERBIA CHESS OPEN 2021 - MASTERS"]
[Site "Belgrade, Hotel Metropol"]
[Date "2021.07.03"]
[Round "3.50"]
[White "Kalogeris, Ioannis"]
[Black "Nenezic, Marko"]
[Result "0-1"]
[WhiteElo "2307"]
[BlackElo "2531"]
[PlyCount "74"]
[EventDate "2021.??.??"]

1. e4 c5 2. Nf3 d6 3. Nc3 a6 4. a4 Nc6 5. Bc4 Nf6 6. O-O e6 7. Re1 Be7 8. d3
O-O 9. Ba2 Bd7 10. Bf4 Ng4 11. Nd2 Nge5 12. Be3 Nb4 13. Bb1 f5 14. exf5 exf5
15. Bxc5 dxc5 16. Rxe5 Bd6 17. Re1 Bc6 18. Ne2 Bc7 19. Ng3 Kh8 20. Nf3 Qf6 21.
c3 Nd5 22. d4 Nf4 23. Bxf5 Nxg2 24. Re6 Qd8 25. Rxc6 bxc6 26. Be4 Nh4 27. Ne5
Qf6 28. Ng4 Qe6 29. d5 Qe7 30. Qd3 cxd5 31. Bxd5 Rad8 32. Ne3 Nf3+ 33. Kg2 Qh4
34. Rh1 Ng5 35. h3 Ne6 36. Qd4 Rxf2+ 37. Kxf2 Qxg3+ 0-1